000 00452nam a2200157 i 4500
001 54993
003 ES-MaACL
007 t|
008 030910s1906 be ||||1| fre d
100 1 _aDelehaye, Hippolite.
_943362
245 1 4 _aLes legendes hagiographiques /
_cpar Hippolyte Delehaye.
250 _a2eme ed.
260 _aBruxelles :
_bBureau de la Societe des Bollandistes,
_c1906.
300 _aXI, 264 p. ;
_c19 cm.
852 _aES-MaACL
_jG-1833
999 _c54993
_d54993